000 00613nam a2200205Ia 4500
003 GCL
008 140319s9999 xx 000 0 ara d
040 _aGCL /
_cGCL
082 0 4 _a111.85
_bب ب
100 1 _aنظمى لوقا
245 1 0 _aبحث فى علم الجمال /
_cنظمى لوقا
700 1 _aبرتليمى، جان
700 1 _aانور عبدالعزيز
260 _aالقاهرة :
_bدار نهضة مصر للطبع والنشر ،
_c1970
300 _a667 ص ؛
_c24 سم
650 0 4 _aالفلسفة
650 0 4 _aالاخلاق
650 0 4 _aالجمال
942 _2ddc
_cBK
999 _c31490
_d31490